Improcedencia de acciones extraconcursales de responsabilidad contra los directores de concursadas por las quitas homologadas (Registro nro. 21110)
[ vista simple ]
| 000 -LEADER | |
|---|---|
| fixed length control field | 00421 a2200109 4500 |
| 001 - CONTROL NUMBER | |
| control field | ART_42294 |
| 005 - DATE AND TIME OF LATEST TRANSACTION | |
| control field | 20260410161807.0 |
| 008 - FIXED-LENGTH DATA ELEMENTS--GENERAL INFORMATION | |
| fixed length control field | 260409a |
| 100 1# - MAIN ENTRY--PERSONAL NAME | |
| Personal name | Truffat, Edgardo Daniel |
| 245 10 - TITLE STATEMENT | |
| Title | Improcedencia de acciones extraconcursales de responsabilidad contra los directores de concursadas por las quitas homologadas |
| 773 0# - HOST ITEM ENTRY | |
| Title | Doctrina Societaria y Concursal |
| Related parts | - Nº 281 (abr. 2011) |
| Record control number | REV4298 |
No hay ítems disponibles.